| 000 | nam a22 7a 4500 | ||
|---|---|---|---|
| 999 |
_c128504 _d128504 |
||
| 008 | 181102b xxu||||| |||| 00| 0 eng d | ||
| 020 | _a9788820977245 | ||
| 050 | _aQC20.H477 | ||
| 100 |
_aHeller, Michael _943266 |
||
| 245 |
_aSome mathematical physics for philosophers _cMichael Heller |
||
| 260 |
_aRome _bPontifical Gregorian University _c2005 |
||
| 300 |
_a128p. ; _c24cm. |
||
| 650 |
_aMathematical physics _913931 |
||
| 942 |
_2lcc _cMONOGRAPH |
||